Relativistic quantum physics : from advanced quantum mechanics to introductory quantum field theory (Record no. 21146)

MARC details
000 -LEADER
fixed length control field 00633 a2200193 4500
000 - LEADER
fixed length control field BKB
001 - CONTROL NUMBER
control field 141093
005 - DATE AND TIME OF LATEST TRANSACTION
control field 20200902165459.0
008 - FIXED-LENGTH DATA ELEMENTS--GENERAL INFORMATION
fixed length control field
020 ## - INTERNATIONAL STANDARD BOOK NUMBER
International Standard Book Number 9780521767262
082 ## - DEWEY DECIMAL CLASSIFICATION NUMBER
Classification number 530.12
Item number O11R
100 1# - MAIN ENTRY--PERSONAL NAME
Personal name Ohlsson, Tommy
245 1# - TITLE STATEMENT
Title Relativistic quantum physics : from advanced quantum mechanics to introductory quantum field theory
Statement of responsibility, etc by Tommy Ohlsson
260 ## - PUBLICATION, DISTRIBUTION, ETC. (IMPRINT)
Place of publication, distribution, etc Cambridge
Name of publisher, distributor, etc Cambridge University Press
Date of publication, distribution, etc 2011
300 ## - PHYSICAL DESCRIPTION
Extent 297p.
630 ## - SUBJECT ADDED ENTRY--UNIFORM TITLE
Uniform title Physics
690 ## - LOCAL SUBJECT ADDED ENTRY--TOPICAL TERM (OCLC, RLIN)
Topical term or geographic name as entry element Quantum theory; Quantum field theory; Relativistic quantum theory
964 ## -
--
-- ENG
--
--
--
--
--
Holdings
Withdrawn status Lost status Damaged status Not for loan Home library Current library Date acquired Cost, normal purchase price Total Checkouts Full call number Barcode Date last seen Date checked out Price effective from Koha item type
        Central University Of Rajasthan Central University Of Rajasthan 12/03/2014 0.00 2 530.12 O11R 17164 21/11/2024 11/10/2022 02/09/2020 Books